000 004370000a22001690004500
003 MACL
005 20160108135434.0
008 160108b xxu||||| |||| 00| 0 eng d
040 _aMACL
_cMACL
041 _aEnglish
082 _a920/ING
100 _aIngram, John H
_929733
245 _aChristopher Marlowe and His Associates
260 _bGrant Richards Ltd
_c1904
_aLondon
650 _aBiography
_929734
942 _cBK
_k920/ING
_2ddc
999 _c37582
_d37582